00552nam a22001697a 450000500170000001000150001702000260003203500140005803700130007208200120008510000180009724500980011526000420021327000800025530000270033550400200036220170213172533.0 aENG-117235 a9789386062352c425.00 aEN-100767 bDBAD/PUB00a371.3941 aDillon,Robert10aLeading connected classrooms :cby Robert Dillonbengaging the hearts and souls of learners / a New Delhi bSAGE Publications,c2017 aB1/I-1 Mohan Cooperative Industrial Area, Mathura Roadb New Delhi e110044 axii,112p.c23 cm.(pbk) aIncludes index.